[Event "Mayors Cup Open"]
[Site "Mumbai IND"]
[Date "2008.05.19"]
[Round "11"]
[White "Eswar,R"]
[Black "Divyasri,C"]
[Result "1/2-1/2"]
[WhiteElo "1986"]
[BlackElo "2110"]

1.d4 Nf6 2.c4 e6 3.Nc3 Bb4 4.Qc2 O-O 5.a3 Bxc3+ 6.Qxc3 b6 7.Nf3 Bb7 8.e3 d6
9.Be2 Nbd7 10.O-O c5 11.b4 Rc8 12.dxc5 Ne4 13.Qc2 bxc5 14.b5 d5 15.Bb2 Nb6
16.Rfd1 Qe7 17.a4 Nxc4 18.Bxc4 dxc4 19.Qxc4 Bd5 20.Qc2 Rfd8 21.Nd2 f5 22.f3 Nxd2
23.Rxd2 Qg5 24.f4 Qe7 25.Qc3 Rd7 26.Rc1 Qe8 27.Qe5 Rb7 28.Rxd5 exd5 29.Rxc5 Rf7
30.Bd4 Qd7 31.Rxc8+ Qxc8 32.Qxd5 Qc1+ 33.Kf2 Qc2+ 34.Kg3 Qxa4 35.Qa8+ Rf8
36.Qxa7 Qxa7 37.Bxa7 Rf7 38.Bd4 Re7 39.b6 Kf7 40.h3 Ke6 41.Kh4 Kd5 42.Kg5 Ke4
43.Be5 Rb7 44.Bc7 Kxe3 45.Kxf5 Kf2 46.Ke6 Kxg2 47.Kf7 Kxh3 48.Kxg7 Kg4 49.Kxh7 Rxb6
50.Bxb6 Kxf4  1/2-1/2

[Event "Mayors Cup Open"]
[Site "Mumbai IND"]
[Date "2008.05.19"]
[Round "11"]
[White "Sahu,Se"]
[Black "Venkatesh,M"]
[Result "0-1"]
[WhiteElo "2256"]
[BlackElo "2450"]

1.d4 Nf6 2.c4 e6 3.Nc3 Bb4 4.Qc2 O-O 5.Nf3 c5 6.dxc5 Na6 7.a3 Bxc3+ 8.Qxc3 Nxc5
9.g3 b6 10.b4 Nce4 11.Qd4 Ba6 12.Be3 Rc8 13.Rc1 d5 14.cxd5 Rxc1+ 15.Bxc1 Qc7
16.Be3 Qc2 17.Qa1 Ng4 18.Bd4 Rc8 19.Qd1 Ngxf2 20.Bxf2 Qxd1+  0-1

[Event "ch-LTU"]
[Site "Kaunas LTU"]
[Date "2008.05.22"]
[Round "8"]
[White "Sakalauskas,V"]
[Black "Kveinys,A"]
[Result "1/2-1/2"]
[WhiteElo "2409"]
[BlackElo "2515"]

1.d4 Nf6 2.c4 e6 3.Nc3 Bb4 4.Qc2 O-O 5.a3 Bxc3+ 6.Qxc3 b6 7.Bg5 Bb7 8.e3 d6
9.Nf3 Nbd7 10.Be2 Rc8  1/2-1/2

[Event "ch-LTU"]
[Site "Kaunas LTU"]
[Date "2008.05.25"]
[Round "11"]
[White "Sakalauskas,V"]
[Black "Butnorius,A"]
[Result "1/2-1/2"]
[WhiteElo "2409"]
[BlackElo "2442"]

1.d4 Nf6 2.c4 e6 3.Nc3 Bb4 4.Qc2 O-O 5.a3 Bxc3+ 6.Qxc3 b6 7.Bg5 Bb7 8.e3 d6
9.f3 h6 10.Bh4 Nbd7 11.Nh3 c5 12.dxc5 bxc5 13.Be2 a5 14.O-O a4 15.Rfd1 Qb6
16.Rd2 d5 17.Bf2 Bc6 18.Nf4 Rab8 19.Rad1 Qa7 20.cxd5 exd5 21.Nd3 Bb5 22.Qc1 Rfc8
23.Nf4 Bxe2 24.Rxe2 Nb6 25.Rc2 Qe7 26.Nd3 Nbd7 27.Nf4 Nb6 28.Kh1 Rb7 29.Nd3 Nbd7
30.Be1 Rb5 31.Nf4 c4 32.Bb4 Qe8 33.Ne2 Nc5 34.Bxc5 Rcxc5 35.Nc3 Rb7 36.Re2 Re7
37.Rd4 Re5 38.Qd2 Qc6 39.Kg1 h5 40.Kf2 Ra5 41.Qd1 Re8 42.Kf1 g6 43.Qd2 Rc5
44.g3 Kg7 45.Kf2 Re6 46.Qc2 Ra5 47.Nd1 Ra8 48.Qd2 Rb8 49.Nc3 Re5 50.h4 Rb3
51.Qd1 Rf5 52.Kg2 Re5 53.Rf4 Re6 54.Qd4 Kg8 55.Rd2 Rb8 56.Kf2 Rb7 57.Re2 Rb8
58.Qd1 Rb3 59.Rd4 Re5 60.Rdd2 Rf5 61.Rd4 Rxc3 62.bxc3 Ne4+ 63.Rxe4 dxe4 64.Qd8+ Kh7
65.f4 Rd5 66.Qe7 Rd7 67.Qe8 Qd5  1/2-1/2

[Event "Doroshkevich mem"]
[Site "Maykop RUS"]
[Date "2008.05.30"]
[Round "7"]
[White "Elizarov,D"]
[Black "Zakhartsov,Vi"]
[Result "1/2-1/2"]
[WhiteElo "2298"]
[BlackElo "2580"]

1.d4 Nf6 2.c4 e6 3.Nc3 Bb4 4.Qc2 O-O 5.Nf3 c5 6.dxc5 Na6 7.Bd2 Nxc5 8.g3 b6
9.Bg2 Bb7 10.a3 Bxc3 11.Bxc3 Be4 12.Qd1 Rc8 13.O-O d5 14.cxd5 Bxd5 15.Nd2 Bxg2
16.Kxg2 Qd5+ 17.Nf3 Nb3 18.Rb1 Rfd8 19.Qc2 Ne4 20.Rbd1 Qc4 21.Ne5 Qa4 22.Rxd8+ Rxd8
23.Rd1 Rc8 24.Bb4 Nec5 25.Rd6 Qe8 26.Bxc5 Nxc5 27.b4 Nb7  1/2-1/2

[Event "XXX Nezhmetdinov Mem"]
[Site "Kazan RUS"]
[Date "2008.06.02"]
[Round "2"]
[White "Dimukhametov,A"]
[Black "Denisov,I"]
[Result "1-0"]
[WhiteElo "2295"]
[BlackElo "2118"]

1.d4 Nf6 2.c4 e6 3.Nc3 Bb4 4.Qc2 O-O 5.a3 Bxc3+ 6.Qxc3 b6 7.Bg5 Bb7 8.e3 d6
9.Ne2 Nbd7 10.Qc2 h6 11.Bh4 Qe8 12.Nc3 a6 13.Be2 Nh7 14.f3 f5 15.O-O-O d5
16.Bd3 Nhf6 17.cxd5 Nxd5 18.Nxd5 Bxd5 19.Bg3 Nf6 20.Kb1 Rf7 21.e4 fxe4 22.fxe4 Bb7
23.Rhe1 Rd7 24.Bh4 Nh5 25.Bc4 Kh8 26.g4 Nf4 27.Bg3 Rf7 28.h4 Rd8 29.Qh2 Qf8
30.Ka1 c5 31.dxc5 Rxd1+ 32.Rxd1 Qxc5 33.Ba2 Qe3 34.Rf1 Ne2 35.Bf2 Nc3 36.Qb8+ Kh7
37.Bxe6 Qe2 38.Rc1 Rxf2 39.Qg8+ Kg6 40.Bf5+ Rxf5 41.exf5+ Kf6 42.Qf8+ Ke5
43.Qxg7+ Kf4 44.Qxc3 Kxg4 45.Qd4+ Be4 46.f6 Qf3 47.f7 Qf4 48.Re1 Kh5 49.Qxe4  1-0

[Event "XXX Nezhmetdinov Mem"]
[Site "Kazan RUS"]
[Date "2008.06.03"]
[Round "3"]
[White "Iljin,A"]
[Black "Demianjuk,A"]
[Result "1-0"]
[WhiteElo "2556"]
[BlackElo "2317"]

1.d4 Nf6 2.c4 e6 3.Nc3 Bb4 4.Qc2 O-O 5.a3 Bxc3+ 6.Qxc3 b6 7.Bg5 Bb7 8.e3 d6
9.Ne2 Nbd7 10.Qc2 c5 11.Rd1 Qc7 12.Nc3 a6 13.Qd2 h6 14.Bh4 d5 15.cxd5 Nxd5
16.f3 Rac8 17.Be2 N7f6 18.Nxd5 Nxd5 19.Bg3 Qc6 20.e4 Nf6 21.dxc5 Nxe4 22.fxe4 Qxe4
23.Bf2 bxc5 24.Qe3 Qxg2 25.Rg1 Qxh2 26.Qc3 e5 27.Rd3 Qf4 28.Rh3 Kh7 29.Be3 Qf6
30.Bd3+ Kh8 31.Qd2 Qe6 32.Bxh6  1-0

[Event "XXX Nezhmetdinov Mem"]
[Site "Kazan RUS"]
[Date "2008.06.04"]
[Round "4"]
[White "Rodchenkov,S"]
[Black "Bronnikov,K1"]
[Result "0-1"]
[WhiteElo "2359"]
[BlackElo "2210"]

1.d4 Nf6 2.c4 e6 3.Nc3 Bb4 4.Qc2 O-O 5.Bg5 d5 6.a3 Be7 7.cxd5 Nxd5 8.Bxe7 Qxe7
9.e4 Nxc3 10.Qxc3 b6 11.Rc1 Bb7 12.Bd3 Rc8 13.Nf3 c5 14.b4 Nd7 15.dxc5 bxc5
16.b5 c4 17.Bxc4 Nb6 18.Nd2 Nxc4 19.Nxc4 Bxe4 20.O-O Bd5 21.Qd4 Bxc4 22.Rxc4 Rxc4
23.Qxc4 Qxa3 24.h4 h5 25.Rd1 Qe7 26.Qc6 Rd8 27.Rxd8+ Qxd8 28.Qc5 Qa5 29.g3 g6
30.Kg2 Qb6 31.Qc8+ Kg7 32.Qc3+ Kf8 33.Qc4 Ke7 34.Kg1 Qd6 35.Qc8 Qd1+ 36.Kh2 Qd4
37.Qc7+ Kf6 38.Kg2 e5 39.Qc6+ Kg7 40.Qe8 e4 41.Qe7  0-1

[Event "58th ch-RUS w HL"]
[Site "Chelyabinsk RUS"]
[Date "2008.06.08"]
[Round "5"]
[White "Shaidullina,S"]
[Black "Vasilevich,I"]
[Result "0-1"]
[WhiteElo "2298"]
[BlackElo "2395"]

1.d4 Nf6 2.c4 e6 3.Nc3 Bb4 4.Qc2 O-O 5.a3 Bxc3+ 6.Qxc3 Ne4 7.Qc2 f5 8.e3 c5
9.dxc5 a5 10.b3 Nxc5 11.Rb1 b6 12.b4 axb4 13.axb4 Ne4 14.f3 Nf6 15.b5 d6
16.Bd3 Nbd7 17.Ne2 Nc5 18.Nd4 Bb7 19.Be2 Qe8 20.O-O Rf7 21.Bd2 Rc7 22.Ra1 Rac8
23.Bb4 Nfd7 24.Ra3 Ne5 25.Qd2 Qg6 26.Rd1 d5 27.cxd5 Bxd5 28.Rc3 Ncd7 29.Rxc7 Rxc7
30.Rc1 Nc5 31.Rc3 h6 32.Qc2 Ned7 33.Bc4 Nf6 34.Bxc5 Rxc5 35.Nc6 Kh7 36.Ne7 Qg5
37.Bxd5 Nxd5 38.Rxc5 Nxe3 39.Qd2 bxc5 40.Nc6 c4 41.h4 c3 42.Qe2 Qf4 43.Kf2 c2
44.g3 Ng4+ 45.Kg2 Qc4 46.Qxc4 Ne3+ 47.Kh2 Nxc4 48.b6 Nxb6 49.Nd4 c1=Q 50.Nxe6 Qe3
51.Nf4 Qxf3 52.h5 Nd5  0-1

[Event "XXX Nezhmetdinov Mem"]
[Site "Kazan RUS"]
[Date "2008.06.08"]
[Round "8"]
[White "Kniazev,I"]
[Black "Andreev,Ed UKR"]
[Result "0-1"]
[WhiteElo "2285"]
[BlackElo "2459"]

1.d4 Nf6 2.c4 e6 3.Nc3 Bb4 4.Qc2 O-O 5.a3 Bxc3+ 6.Qxc3 b6 7.Nf3 Bb7 8.g3 c5
9.dxc5 bxc5 10.Bg5 Nc6 11.Bxf6 Qxf6 12.Qxf6 gxf6 13.Rg1 Rfd8 14.Nd2 d6 15.O-O-O Kf8
16.f4 f5 17.e3 Ke7 18.Nb3 Rab8 19.Rd3 a5 20.Be2 a4 21.Nd2 Na5 22.Rc3 Bc6
23.Re1 h5 24.Bd1 h4 25.e4 hxg3 26.hxg3 fxe4 27.Nxe4 Rh8 28.Nd2 Rh2 29.Bc2 Rg2
30.Rd1 Rh8 31.Nf1 Rh3 32.Rd2 Rh1 33.Rd1 Rhg1 34.Kb1 Kd7 35.Kc1 Kc7 36.Kb1 Nb3
37.Bxb3 axb3 38.Kc1 Be4 39.Ne3 Rxg3 40.Rxg1 Rxg1+ 41.Kd2 Rh1 42.Rxb3 Rh2+
43.Ke1 f5 44.a4 Rh4 45.a5 Rxf4 46.a6 Rh4 47.Nd1 Rh1+ 48.Kd2 Rh2+ 49.Ke1 Rh8
50.Nc3 Bc6 51.Ra3 Kb6 52.Na2 Ra8 53.b4 Rxa6 54.Rxa6+ Kxa6 55.b5+ Bxb5 56.cxb5+ Kxb5
57.Kd2 d5 58.Kd3 e5 59.Nc3+ Kc6 60.Nd1 f4 61.Nc3 e4+ 62.Kd2 Kd6 63.Nb5+ Ke5
64.Na7 d4 65.Nc6+ Kd5 66.Ne7+ Kc4 67.Ng6 f3 68.Ne5+ Kd5 69.Ng4 e3+  0-1

[Event "Alushta Summer-3"]
[Site "Alushta UKR"]
[Date "2008.06.10"]
[Round "14"]
[White "El Gindy,E"]
[Black "Shvyrjov,I"]
[Result "0-1"]
[WhiteElo "2507"]
[BlackElo "2432"]

1.d4 Nf6 2.c4 e6 3.Nc3 Bb4 4.Qc2 O-O 5.e4 d6 6.e5 dxe5 7.dxe5 Nfd7 8.Nf3 Nc6
9.a3 Be7 10.Bf4 g5 11.h4 gxf4 12.Ng5 f5 13.Nxe6 Qe8 14.Nxc7 Qh5 15.Nxa8 Ndxe5
16.Nc7 Bc5 17.Be2 Nd4 18.O-O-O Qh6 19.Rxd4 Bxd4 20.Bf3 Bxf2 21.Kb1 Be3 22.N7d5 Nxc4
23.Ne7+ Kh8 24.Nxc8 Rxc8 25.Bd5 Nxa3+ 26.bxa3 Qg7 27.Rd1 Qxc3 28.Qxc3+ Rxc3
29.Kb2 Rc7 30.h5 Kg7 31.Be6 Kf6 32.Rd7 Bd4+ 33.Kb1 Rxd7 34.Bxd7 Kg5 35.Be8 Kg4
36.Bf7 Bc5 37.a4 f3 38.gxf3+ Kxf3 39.h6 Ke3 40.Kc1 f4 41.Kd1 Bb4  0-1

[Event "FSGM June"]
[Site "Budapest HUN"]
[Date "2008.06.12"]
[Round "6"]
[White "Rajlich,I"]
[Black "Macak,S"]
[Result "1-0"]
[WhiteElo "2411"]
[BlackElo "2342"]

1.d4 e6 2.c4 Nf6 3.Nc3 Bb4 4.Qc2 O-O 5.Nf3 c5 6.dxc5 Na6 7.g3 Nxc5 8.Bg2 b6
9.O-O Bb7 10.Nb5 Be4 11.Qd1 Nb7 12.Bf4 Rc8 13.a3 Be7 14.Nc3 Bc6 15.Rc1 Nh5
16.Be5 f6 17.Bd4 Nd6 18.Nb1 Qc7 19.b4 Qb8 20.Ba1 Qa8 21.Nbd2 f5 22.Bh3 Nf6
23.Ne5 Bb7 24.Nb3 Rfd8 25.Qd4 Nde4 26.f3 Ng5 27.Bg2 d6 28.Nd3 e5 29.Qe3 Ng4
30.Qd2 e4 31.Nf4 exf3 32.exf3 Nxf3+ 33.Rxf3 Bxf3 34.Nd5 Bxg2 35.Nxe7+ Kf7
36.Nxc8 Bh1 37.Nxa7 Ne5 38.Nd4 Qxa7 39.Kxh1 Qxa3 40.Nb5 Qf3+ 41.Qg2 Qe3 42.Qb7+ Ke8
43.Nc7+ Kf8 44.Ne6+ Ke8 45.Nxg7+ Kf8 46.Ne6+ Ke8  1-0

[Event "4th IRT Soc. Italiana"]
[Site "Merlo ARG"]
[Date "2008.06.13"]
[Round "1"]
[White "Medina,S"]
[Black "Pagano,M"]
[Result "0-1"]
[WhiteElo "2099"]
[BlackElo "2056"]

1.d4 Nf6 2.c4 e6 3.Nc3 Bb4 4.Qc2 O-O 5.Bg5 c5 6.e3 cxd4 7.exd4 Nc6 8.Nf3 b6
9.Bd3 h6 10.h4 Re8 11.Bxf6 Qxf6 12.O-O-O Bxc3 13.bxc3 Ba6 14.Rdf1 Na5 15.Nd2 Rec8
16.f4 Bxc4 17.Rf3 b5 18.g4 Bxd3 19.Qxd3 b4 20.g5 Qe7 21.c4 Nxc4 22.Nxc4 d5
23.gxh6 Rxc4+ 24.Kb1 Rc3 25.Qf1 Qf6 26.Rg1 Qxd4 27.Rxg7+ Kf8 28.Rfg3 b3 29.a3 Qd2
30.Rg2 Qd4 31.Rg8+ Ke7 32.Rxa8 Qe4+ 33.Ka1 Re3 34.Rxa7+ Kf6 35.Rxf7+ Kxf7  0-1

[Event "Serbia Cup"]
[Site "Zlatibor SRB"]
[Date "2008.06.16"]
[Round "1"]
[White "Orlov,K"]
[Black "Markus,Rob"]
[Result "0-1"]
[WhiteElo "2248"]
[BlackElo "2557"]

1.d4 Nf6 2.c4 e6 3.Nc3 Bb4 4.Qc2 O-O 5.Nf3 c5 6.a3 Bxc3+ 7.bxc3 d6 8.Bg5 h6
9.Bh4 Qe7 10.e3 e5 11.Be2 Nc6 12.d5 Na5 13.Nd2 g5 14.Bg3 Nh7 15.e4 f5 16.exf5 Bxf5
17.Qd1 Nf6 18.O-O Qh7 19.Re1 Bc2 20.Qc1 Bd3 21.Bxd3 Qxd3 22.Re3 Qg6 23.Qd1 Rf7
24.Qe2 Qc2 25.h4 Raf8 26.hxg5 hxg5 27.Qe1 Qg6 28.Qe2 Rh7 29.Bh2 Kg7 30.Rh3 Rxh3
31.gxh3 Qf5 32.Qf3 Qxf3 33.Nxf3 Ne4 34.Kg2 Nxc4 35.Re1 Ncd2 36.Nxd2 Nxd2
37.a4 Nc4 38.Rb1 Rf7 39.Rd1 Kg6 40.Bg3 Rh7 41.Re1 Kf5 42.f3 Nb6 43.a5 Nxd5
44.Rd1 Ne3+  0-1

[Event "Serbia Cup"]
[Site "Zlatibor SRB"]
[Date "2008.06.20"]
[Round "5"]
[White "Jeremic,V"]
[Black "Nestorovic,De"]
[Result "1/2-1/2"]
[WhiteElo "2503"]
[BlackElo "2426"]

1.d4 Nf6 2.c4 e6 3.Nc3 Bb4 4.Qc2 O-O 5.a3 Bxc3+ 6.Qxc3 Ne4 7.Qc2 f5 8.Nf3 b6
9.g3 Bb7 10.Bg2 c5 11.O-O Nc6 12.Rd1 Qe7 13.b3 cxd4 14.Nxd4 Nxd4 15.Rxd4 Rac8
16.Bb2 e5 17.Rdd1 d5 18.Rac1 b5 19.Qb1 bxc4 20.bxc4 d4 21.e3 dxe3 22.fxe3 Qc5
23.Qd3 Rcd8 24.Qe2 Bc6 25.Rd3 h6 26.a4 Rxd3 27.Qxd3 Rf7 28.Qa3 Qa5 29.Bc3 Qc7
30.Qb2 Nxc3 31.Bxc6 Qxc6 32.Qxc3 Qc5 33.Rd1 Rc7 34.Qd3 e4 35.Qd5+ Qxd5 36.cxd5 Kf7
37.d6 Rd7 38.Rd5 Ke6 39.Ra5 h5 40.h3 g6 41.Ra6 Kf6 42.Kg2 Kg5 43.Rc6 a5 44.Rb6 h4
45.Kf2 Kh5 46.Ra6 Kg5 47.Rb6 Kh5 48.Ra6  1/2-1/2

[Event "Marshall NY Int"]
[Site "New York USA"]
[Date "2008.06.23"]
[Round "6"]
[White "Sarkar,J"]
[Black "Garcia Palermo,C"]
[Result "1/2-1/2"]
[WhiteElo "2412"]
[BlackElo "2465"]

1.d4 Nf6 2.c4 e6 3.Nc3 Bb4 4.Qc2 O-O 5.a3 Bxc3+ 6.Qxc3 b6 7.Bg5 c5 8.dxc5 bxc5
9.e3 a5 10.Bd3 d6 11.Ne2 Nbd7 12.O-O h6 13.Bh4 Qb6 14.Rfd1 Bb7 15.Qc2 Rac8
16.Nc3 Rfe8 17.Rac1 Ba8 18.Nb5 d5 19.Bg3 e5 20.cxd5 c4 21.Bxc4 Bxd5 22.Qb3 Bxc4
23.Rxc4 Rb8 24.a4 Nc5 25.Qc3 Nxa4 26.Rxa4 Qxb5 27.Rxa5 Qxb2 28.Qxb2 Rxb2
29.Bxe5 Rc2 30.Bxf6 gxf6 31.g4 Rec8 32.Rdd5 Kg7 33.Kg2 R8c7 34.Kg3 R2c6 35.h4 Rc1
36.Kf4 R1c2 37.f3 R2c4+ 38.e4 Rc3 39.Ra8 Rc8 40.Ra7 R8c7 41.Ra8 Rc8 42.Raa5 R8c7
43.Rf5 R7c6 44.Rad5 Rc1 45.Rd7 R1c3 46.Kg3 R3c5 47.Rdd5 Rc3 48.Kf4 Rc1 49.Rd7 R1c3
50.Rb5 Rc7 51.Rd8 Rc8 52.Rxc8 Rxc8 53.Kf5 Rc3 54.f4 Rc1 55.Ra5 Rb1 56.h5 Rc1
57.g5 fxg5 58.fxg5 Rf1+ 59.Kg4 Rg1+ 60.Kf4 Rf1+ 61.Ke3 Re1+ 62.Kf3 Rf1+ 63.Ke2 Rh1
64.gxh6+ Kxh6 65.Rf5 Rxh5 66.Rxf7 Rh3 67.Kd2 Kg6 68.Rf2 Ra3 69.Rf1 Rb3 70.e5 Rb5
71.Re1 Kf7  1/2-1/2

[Event "22th Open"]
[Site "Pula CRO"]
[Date "2008.06.27"]
[Round "8"]
[White "Kuljasevic,D"]
[Black "Vavrak,P"]
[Result "1/2-1/2"]
[WhiteElo "2502"]
[BlackElo "2466"]

1.d4 e6 2.c4 Nf6 3.Nc3 Bb4 4.Qc2 O-O 5.e4 d5 6.e5 Ne4 7.Bd3 c5 8.Ne2 Nc6
9.cxd5 exd5 10.O-O Bf5 11.f3 c4 12.fxe4 cxd3 13.Qxd3 dxe4 14.Qe3 Bg6 15.Nxe4 Ba5
16.Nd6 Bb6 17.Kh1 Qh4 18.Bd2 Nxd4 19.Rf4 Nc2 20.Qc3 Qe7 21.Raf1 Rad8 22.Ng3 Nd4
23.Nc4 Ne6 24.Nf5 Qc7 25.R4f3 Bc5 26.Ncd6 Bxd6 27.Nxd6 Qxc3 28.Bxc3 Rd7 29.h3  1/2-1/2

[Event "XII Izmailov Mem"]
[Site "Tomsk RUS"]
[Date "2008.06.27"]
[Round "3"]
[White "Nechepurenko,R"]
[Black "Simonov,S"]
[Result "1-0"]
[WhiteElo "2485"]
[BlackElo "2317"]

1.d4 Nf6 2.c4 e6 3.Nc3 Bb4 4.Qc2 O-O 5.a3 Bxc3+ 6.Qxc3 b6 7.Nf3 Bb7 8.e3 d5
9.Be2 Nbd7 10.O-O c5 11.dxc5 Nxc5 12.b4 Nce4 13.Qb3 Rc8 14.Bb2 Qe7 15.Rac1 Rfd8
16.cxd5 Bxd5 17.Qa4 Rxc1 18.Rxc1 Ng4 19.Rf1 Qc7 20.g3 Rc8 21.Nd4 Ngf6 22.Ba6 Nd2
23.Bxc8 Nxf1 24.Ba6 Nd2 25.Qd1 Nc4 26.Qc2 h6 27.f3 Ne8 28.Bc1 Ne5 29.Qxc7 Nxc7
30.Be2 Bc4 31.Bd1 Nd5 32.Bd2 Bd3 33.e4 Ne7 34.Kf2 Nc4 35.Bc1 e5 36.Nc2 Nc6
37.b5 N6a5 38.Nb4 Bb1 39.Be2 Kf8 40.Nc6 Nxc6 41.bxc6 Nd6 42.Bb2 f6 43.a4 Ke8
44.Ba3 Nc8 45.Bb5 Ba2 46.c7+ Kf7 47.f4 exf4 48.gxf4 g6 49.f5 gxf5 50.exf5 Bd5
51.Ba6  1-0

[Event "Sparkassen Open"]
[Site "Dortmund GER"]
[Date "2008.06.30"]
[Round "1"]
[White "Krallmann,M"]
[Black "Maniocha,M"]
[Result "1/2-1/2"]
[WhiteElo "2276"]
[BlackElo "2101"]

1.d4 Nf6 2.c4 e6 3.Nc3 Bb4 4.Qc2 O-O 5.a3 Bxc3+ 6.Qxc3 d5 7.Bg5 h6 8.Bxf6 Qxf6
9.cxd5 exd5 10.e3 c6 11.Bd3 Bf5 12.Bxf5 Qxf5 13.Nf3 Nd7 14.O-O Nf6 15.b4 Ne4
16.Qb3 a6 17.a4 g5 18.Ra2 g4 19.Ne5 f6 20.Nxg4 Qxg4 21.f3 Qe6 22.fxe4 Qxe4
23.Rf4 Qe6 24.Raf2 Rae8 25.R2f3 Re7 26.b5 axb5 27.axb5 Rg7 28.h3 Kh8 29.Kh2 Rg6
30.bxc6 Rfg8 31.g3 bxc6 32.e4 Qd6 33.Qe3 Re8 34.Rh4 Kg7 35.Rff4 Qb8 36.Qf2 Qb1
37.Rhg4 dxe4 38.Rxg6+ Kxg6 39.Rxf6+ Kg7 40.Rxc6 Rf8 41.Rc7+ Kg8 42.Qe2 h5
43.Rc5 Rf3 44.Rxh5 Qd3 45.Qa2+ Kg7 46.Qa7+ Rf7 47.Rg5+ Kh6 48.Rh5+ Kxh5 49.Qxf7+ Kh6
50.Qf6+ Kh7 51.h4 e3 52.Qf7+ Kh8  1/2-1/2

[Event "Greek Cup Final PO Rapid"]
[Site "Kallithea GRE"]
[Date "2008.07.04"]
[Round "2"]
[White "Nikolaidis,I"]
[Black "Zakarian,D"]
[Result "1-0"]
[WhiteElo "2516"]
[BlackElo "2346"]

1.d4 Nf6 2.c4 e6 3.Nc3 Bb4 4.Qc2 O-O 5.a3 Bxc3+ 6.Qxc3 b6 7.Bg5 d6 8.Qf3 d5
9.Bxf6 Qxf6 10.Qxf6 gxf6 11.cxd5 exd5 12.Rc1 c6 13.e3 a5 14.Bd3 Ba6 15.Bxa6 Rxa6
16.Ne2 Rc8 17.Kd2 Kf8 18.Rc3 Ke7 19.g4 a4 20.Ng3 Ra8 21.e4 Ra5 22.Re1 Kd7
23.Rf3 Re8 24.Rxf6 Re7 25.e5 Ke8 26.Nf5 Rc7 27.Nd6+ Kf8 28.e6 Raa7 29.Rxf7+ Rxf7
30.exf7 Re7 31.Rxe7 Kxe7 32.Nc8+ Kxf7 33.Nxb6 Kf6 34.h4 Na6 35.Nxa4 Nc7 36.Nc5 Nb5
37.Kd3 h6 38.a4 Na7 39.f4 Nc8 40.Nd7+ Ke6 41.Ne5 Na7 42.b4 Kf6 43.h5 Ke6
44.g5 hxg5 45.fxg5  1-0

[Event "World Open"]
[Site "Philadelphia USA"]
[Date "2008.07.04"]
[Round "4"]
[White "Sarkar,J"]
[Black "Stocek,J"]
[Result "0-1"]
[WhiteElo "2416"]
[BlackElo "2559"]

1.d4 Nf6 2.c4 e6 3.Nc3 Bb4 4.Qc2 O-O 5.a3 Bxc3+ 6.Qxc3 b6 7.Bg5 Bb7 8.e3 d6
9.f3 Nbd7 10.Bd3 Rc8 11.Ne2 c5 12.Qb3 h6 13.Bh4 d5 14.cxd5 Bxd5 15.Qd1 cxd4
16.Nxd4 e5 17.Nb5 g5 18.Bg3 Bb3 19.Qxb3 Nc5 20.Qd1 Qxd3 21.Qxd3 Nxd3+ 22.Ke2 Rfd8
23.Rhd1 Rc2+ 24.Kf1 Rd7 25.a4 Nxb2 26.Rxd7 Nxd7 27.Nxa7 Nc4 28.Kg1 Nxe3 29.Bf2 Nd5
30.h4 g4 31.fxg4 N7f6 32.g5 hxg5 33.hxg5 Ng4 34.Rf1 Nf4 35.Nb5 Ne2+ 36.Kh1 Rc1
37.Rxc1 Nxf2+ 38.Kh2 Nxc1 39.Nd6 e4 40.Kg3 e3 41.Nc4 Nd1  0-1

[Event "5th Sth Wales Int"]
[Site "Trefforst WLS"]
[Date "2008.07.06"]
[Round "2"]
[White "Varley,P"]
[Black "Hurn,R"]
[Result "1-0"]
[WhiteElo "2254"]
[BlackElo "1907"]

1.d4 Nf6 2.c4 e6 3.Nc3 Bb4 4.Qc2 O-O 5.a3 Bxc3+ 6.Qxc3 b6 7.Nf3 Bb7 8.b4 d6
9.Bb2 Ne4 10.Qb3 Nd7 11.e3 f5 12.Be2 Qe7 13.Rc1 c5 14.O-O g5 15.Rfd1 g4 16.Nd2 Ndf6
17.dxc5 bxc5 18.Ba1 h5 19.Qb2 e5 20.Bf1 h4 21.Nxe4 Nxe4 22.bxc5 Nxc5 23.Rb1 Be4
24.Rbc1 Bb7 25.Qa2 Rad8 26.Rb1 f4 27.exf4 Rxf4 28.Rxb7 Nxb7 29.c5+ Kg7 30.Qd2 Kf8
31.c6 Nc5 32.Qd5 Ne6 33.Bc4 Rf6 34.Bc3 Kg7 35.Ba5 Nc7 36.Qd2 Rf4 37.Qc3 Rdf8
38.Bb4 R8f6 39.Qc1 Rg6 40.Bd2 Rxc4 41.Qxc4 d5 42.Qa4 Rxc6 43.Qxc6  1-0

[Event "5th Sth Wales Int"]
[Site "Trefforst WLS"]
[Date "2008.07.08"]
[Round "5"]
[White "Wells,P"]
[Black "Rayner,F"]
[Result "1-0"]
[WhiteElo "2526"]
[BlackElo "2207"]

1.d4 Nf6 2.c4 e6 3.Nc3 Bb4 4.Qc2 O-O 5.e4 d5 6.e5 Ne4 7.Bd3 c5 8.Ne2 Nc6
9.cxd5 exd5 10.O-O cxd4 11.Nxd5 Qxd5 12.Bxe4 Qxe5 13.Bxh7+ Kh8 14.Bf4 Qc5
15.Rac1 Qxc2 16.Bxc2 Be6 17.a3 Ba5 18.Be4 Bb6 19.Rfd1 Rad8 20.Kf1 Bd5 21.Bxd5 Rxd5
22.Bg3 Rb5 23.b4 g5 24.a4 Rd5 25.a5 Bd8 26.a6 d3 27.Nc3 Rd7 28.Ne4 Be7 29.axb7 Nb8
30.Bxb8 Rxb8 31.Rc8+ Rd8 32.Rxd8+ Bxd8 33.Rxd3 Kg8 34.Nc5 Be7 35.Rd7 Kf8
36.Na6  1-0

[Event "Maestro Open"]
[Site "Berdsk RUS"]
[Date "2008.07.09"]
[Round "2"]
[White "Zenzera,A"]
[Black "Volontinas,I"]
[Result "0-1"]
[WhiteElo "2002"]
[BlackElo "2164"]

1.d4 Nf6 2.c4 e6 3.Nc3 Bb4 4.Qc2 O-O 5.Nf3 b6 6.e3 Bb7 7.Be2 c5 8.a3 Bxc3+
9.bxc3 d6 10.O-O Nc6 11.Bd3 h6 12.e4 e5 13.d5 Na5 14.Nd2 Ba6 15.Qa4 Bc8 16.Qd1 Bd7
17.Bc2 Qe8 18.Qe2 Rb8 19.Bd3 Ba4 20.f3 Rb7 21.Re1 Nb3 22.Rb1 Nxd2 23.Qxd2 Nh5
24.Qe2 g5 25.g3 f6 26.Bc2 Ng7 27.f4 Qd7 28.Kf2 Rfb8 29.Be3 Kf7 30.Rb2 Ne8
31.Reb1 Nc7 32.Bc1 Kg6 33.Qd2 Rh8 34.h3 h5 35.Kg2 Na6 36.Qd1 Bxc2 37.Qxc2 Qe8
38.Bd2 Nb8 39.Rb5 Rbh7 40.Rh1 Nd7 41.Qb1 Qc8 42.Qd1 Rh6 43.Qc2 Nf8 44.Qd1 Kg7
45.Be1 R8h7  0-1

[Event "XXIII Tadeusz Gniota Mem"]
[Site "Police POL"]
[Date "2008.07.09"]
[Round "1"]
[White "Schmidt,Wl"]
[Black "Jedruszek,K"]
[Result "1/2-1/2"]
[WhiteElo "2396"]
[BlackElo "2037"]

1.d4 Nf6 2.c4 e6 3.Nc3 Bb4 4.Qc2 O-O 5.a3 Bxc3+ 6.Qxc3 b6 7.Bg5 Ba6 8.Qf3 Nc6
9.e3 Na5 10.Rc1 Bb7 11.Qd1 Nc6 12.Nf3 d6 13.Be2 Ne7 14.Bxf6 gxf6 15.O-O Kh8
16.Ne1 f5 17.Bf3 Be4 18.g3 Ng6 19.Bg2 Bxg2 20.Nxg2 Qd7 21.Qe2 c6 22.Rfd1 b5
23.Rc2 Rfc8 24.Rdc1 a6 25.b4 Qb7 26.h4 Ne7 27.Nf4 bxc4 28.Rxc4 a5 29.Qh5 Ng6
30.Qh6 Nxf4 31.exf4 axb4 32.Qf6+ Kg8 33.Rxb4 Qd7 34.Rcb1 Qd8 35.Qxd8+ Rxd8
36.a4  1/2-1/2

[Event "2nd LCT"]
[Site "Leiden NED"]
[Date "2008.07.11"]
[Round "1"]
[White "Van Vliet,H"]
[Black "Van der Wiel,J"]
[Result "0-1"]
[WhiteElo "2065"]
[BlackElo "2504"]

1.d4 Nf6 2.c4 e6 3.Nc3 Bb4 4.Qc2 O-O 5.e4 c5 6.Nf3 cxd4 7.Nxd4 e5 8.Ne2 Nc6
9.a3 Bc5 10.b4 Nd4 11.Qd3 Nxe2 12.Bxe2 Bd4 13.Bd2 b6 14.O-O Ba6 15.Rac1 Rc8
16.Nd1 Re8 17.Be3 d5 18.exd5 Nxd5 19.Bg4 Rc7 20.b5 Nf6 21.Be2 Bb7 22.Bg5 h6
23.Bh4 Rd7 24.Qb3 g5 25.Bg3 Ne4 26.Re1 f5 27.h3 Qa8 28.Bf3 Nc5 29.Bxb7 Qxb7
30.Qc2 e4 31.Kh1 f4 32.Bh2 Nd3  0-1

[Event "Inautomarket Open"]
[Site "Minsk BLR"]
[Date "2008.07.12"]
[Round "3"]
[White "Khismatullin,D"]
[Black "Ostrovskiy,And"]
[Result "1-0"]
[WhiteElo "2613"]
[BlackElo "2445"]

1.d4 Nf6 2.c4 e6 3.Nc3 Bb4 4.Qc2 O-O 5.a3 Bxc3+ 6.Qxc3 d6 7.g3 Nbd7 8.Bg2 c5
9.dxc5 Nxc5 10.b4 Nce4 11.Qb2 d5 12.cxd5 exd5 13.Nf3 Ne8 14.O-O N8d6 15.Rd1 Be6
16.Qd4 Qe7 17.Bf4 Rfd8 18.Bxd6 Nxd6 19.Qf4 Rac8 20.Qe3 Nb5 21.Nd4 Qe8 22.Rac1 a6
23.h4 h6 24.Bf3 Nd6 25.Nxe6 Qxe6 26.Rxc8 Rxc8 27.Rxd5 Qxe3 28.fxe3 Nb5 29.Rc5 Rb8
30.a4 Nd6 31.Rc7 g5 32.hxg5 hxg5 33.Rd7 Nc4 34.Rxb7 Rd8 35.a5 Rd2 36.Kf2 Rb2
37.Bd5 Ne5 38.b5 axb5 39.a6  1-0

[Event "XXIII Tadeusz Gniota Mem"]
[Site "Police POL"]
[Date "2008.07.12"]
[Round "4"]
[White "Figura,A"]
[Black "Kurpiewski,S"]
[Result "1-0"]
[WhiteElo "2407"]
[BlackElo "2184"]

1.d4 Nf6 2.c4 e6 3.Nc3 Bb4 4.Qc2 O-O 5.e4 Bxc3+ 6.bxc3 d6 7.Bd3 Nbd7 8.f4 e5
9.Nf3 h6 10.O-O Re8 11.c5 d5 12.fxe5 dxe4 13.Bxe4 Nxe4 14.Qxe4 Nf6 15.Qc2 Nd5
16.c4 Ne7 17.d5 Bf5 18.Qc3 c6 19.e6 f6 20.d6 Ng6 21.e7 Qd7 22.Be3 b6 23.Rad1 Rab8
24.cxb6 axb6 25.c5 b5 26.Rde1 b4 27.Qb2 Be6 28.Bxh6 Bc4 29.Qc2 Bf7 30.Ng5 gxh6
31.Rxf6 hxg5 32.Rxg6+ Kh7 33.Rf6+ Kg7 34.Rxf7+ Kxf7 35.Qh7+ Kf6 36.Qh6+  1-0

[Event "ch-NOR Elite"]
[Site "Tonsberg NOR"]
[Date "2008.07.12"]
[Round "8"]
[White "Moen,A"]
[Black "Tjomsland,S"]
[Result "0-1"]
[WhiteElo "2295"]
[BlackElo "2279"]

1.d4 Nf6 2.c4 e6 3.Nc3 Bb4 4.Qc2 O-O 5.a3 Bxc3+ 6.Qxc3 b6 7.Bg5 h6 8.Bh4 Bb7
9.e3 d6 10.Nf3 Nbd7 11.Be2 Qe7 12.Qc2 a5 13.b3 Rfe8 14.h3 Be4 15.Qxe4 Nxe4
16.Bxe7 Rxe7 17.Nd2 Nef6 18.Bf3 Ra7 19.Ke2 e5 20.Kd3 exd4 21.exd4 Nf8 22.Bc6 Ne6
23.Rhe1 Kf8 24.Nf3 Nf4+ 25.Kc2 d5 26.Rxe7 Kxe7 27.Ne5 Kd6 28.Re1 g6 29.g3 Nxh3
30.b4 axb4 31.axb4 Nxf2 32.c5+ bxc5 33.bxc5+ Ke6 34.Nxg6+ N2e4 35.Nf4+ Kf5
36.Nxd5 Nxg3 37.Re5+ Kg6 38.Re7 Nf5 39.Rxc7 Rxc7 40.Nxc7 Nxd4+  0-1

[Event "19th Czech Oce Open"]
[Site "Pardubice CZE"]
[Date "2008.07.13"]
[Round "6"]
[White "Vacek,Ma"]
[Black "Sodoma,J"]
[Result "1/2-1/2"]
[WhiteElo "2320"]
[BlackElo "2379"]

1.d4 Nf6 2.c4 e6 3.Nc3 Bb4 4.Qc2 O-O 5.a3 Bxc3+ 6.Qxc3 b6 7.Nf3 Bb7 8.e3 Ne4
9.Qc2 d6 10.Be2 Nd7 11.O-O f5 12.b4 Rf6 13.d5 exd5 14.cxd5 Bxd5 15.Nd4 c5
16.Bc4 Bxc4 17.Qxc4+ Kh8 18.Nxf5 Rxf5 19.Qxe4 Qf8 20.Bb2 d5 21.Qe6 Rd8 22.e4 dxe4
23.Rad1 Rf7 24.bxc5 Re8 25.Qxd7 Rxd7 26.Rxd7 bxc5 27.Bxg7+ Qxg7 28.Rxg7 Kxg7
29.Rb1 Kf6 30.Kf1 Re7 31.Ke2 Ke5 32.Ke3 Rg7 33.f4+  1/2-1/2